| 000 | 01342nac a22004090a 4500 | ||
|---|---|---|---|
| 001 | PT3242 | ||
| 003 | AR-LpoUNG | ||
| 005 | 20260115115029.0 | ||
| 008 | 201001s1999||||ag |||||||||||||||||spa d | ||
| 020 |
_a987930022X _c$11 |
||
| 040 |
_aAR-LpoUNG _bspa _eaacr |
||
| 041 | _aspa | ||
| 044 | _aag | ||
| 082 | 0 | _a410 228v1 | |
| 100 | 1 | _aAdelstein, Andreína | |
| 245 | 1 | 0 |
_aTaller de lecto- escritura : _baspectos gramaticales, textuales y discursivos |
| 250 | _a2da. ed. | ||
| 260 |
_aBuenos Aires : _bUniversidad Nacional de General Sarmiento, _c1999. |
||
| 300 |
_a157 p. : _bgráfs. |
||
| 490 | 0 | _aTaller de lecto- escritura | |
| 520 | _aEste material está orientado a mejorar las habilidades de recepción y producción de distintos tipos de texto, no necesariamente académicos. | ||
| 650 | 4 | _aGENEROS LITERARIOS | |
| 650 | 4 | _aGRAMATICA | |
| 650 | 4 | _aLINGÜISTICA | |
| 650 | 4 | _aSINTAXIS | |
| 700 | 1 | _aInza, Marta | |
| 700 | 1 | _aKornfeld, Laura | |
| 700 | 1 | _aKuguel, Ines | |
| 700 | 1 | _aLópez Casanova, Martina | |
| 700 | 1 | _aMuslip, Eduardo | |
| 700 | 1 | _aPeralta, Dante A. J. | |
| 700 | 1 | _aPereira, Cecilia | |
| 700 | 1 | _aResnik, Gabriela | |
| 710 | 2 | _aUniversidad Nacional de General Sarmiento. Instituto de Desarrollo Humano Curso de Aprestamiento Universitario | |
| 905 | _a3242 | ||
| 942 |
_cLIB _2ddc |
||
| 999 |
_c47594 _d47594 |
||